Universal decimal classification (Record no. 40099)

MARC details
000 -LEADER
fixed length control field 00294nam a2200121Ia 4500
082 ## - DEWEY DECIMAL CLASSIFICATION NUMBER
Classification number 025.45UDC
Item number BOS
100 ## - MAIN ENTRY--AUTHOR NAME
Personal name Bose, H
245 #0 - TITLE STATEMENT
Title Universal decimal classification
250 ## - EDITION STATEMENT
Edition statement Ed.2 Rev
260 ## - PUBLICATION, DISTRIBUTION, ETC. (IMPRINT)
Place of publication Delhi
Name of publisher Sterling
Year of publication 1990
942 ## - ADDED ENTRY ELEMENTS (KOHA)
Koha item type Books
Holdings
Withdrawn status Lost status Damaged status Not for loan Home library Current library Date acquired Cost, normal purchase price Full call number Accession Number Koha item type
        RRII Library RRII Library 16/12/2021 175.00 025.45UDC BOS 20413 Books